000
00256nam a2200097Ia 4500
001
780898
005
20250826170133.0
008
250824s9999 xx 000 0 und d
245
0
_a
KENDİNİ BİLEN RABBİNİ BİLİR
_c
UĞUR KOŞAR
260
_b
DESTEK YAYINLARI
999
_c
780898
_d
780898